000 00238nam a2200097Ia 4500
001 683127
005 20250826161432.0
008 250824s9999 xx 000 0 und d
245 0 _aAYIŞIĞI SOFRASI
_cNAZLI ERAY
260 _bEVEREST YAYINLARI
999 _c683127
_d683127